| 000 | 00510nab a22001457 4500 | ||
|---|---|---|---|
| 003 | ES-SlBCS | ||
| 005 | 20210327224124.0 | ||
| 008 | 151028s2015 nyu||||| |||| 00| 0 eng d | ||
| 040 |
_aES-SlBCS _bspa |
||
| 041 | _aeng | ||
| 100 | 1 |
_aD ' Angelo, Mary R. _9103275 |
|
| 245 | 1 | 0 |
_aRoman "Family Values" and the Apologetic Concerns of Philo and Paul: Reading the Sixth Commandment _cMary R. D ' Angelo |
| 773 | 0 |
_gVol. 61, fasc. 4, 2015, págs. 525-546 _tNew Testament Studies _wRev299 _x0026-6885 |
|
| 942 |
_2lcc _cAR |
||
| 999 |
_c464321 _d464321 |
||